000 00927nmm a2200289 a 4500
001 ocm0001132536
003 TR-IsHL
005 20201028152118.0
008 150709s2010 tu tur
007 cr cn
020 _a9789944742139
035 _a1132536
_b(N$T)
050 0 4 _aBP178
_b.A59 2010
090 0 4 _aBP178
_b.A59 2010
100 1 _aAlver, Saim
245 1 0 _aVaktim olmadığı için namaz kılamıyorum!
_h[electronic resource] /
_cSaim Alver
260 _aİstanbul :
_bArı Sanat Yayınları,
_c2010
300 _a170 p.
650 4 _aFelsefe, Psikoloji ve Din
650 4 _aPhilosophy, Psychology and Religion
650 0 _aDua
_x İslam
650 0 _aPrayer
_x Islam
650 0 _aNamaz
_x İslam
650 0 _aPrayer
_x Islam
650 7 _aRELIGION / Prayerbooks / Islamic
_2bisacsh
856 4 0 _uhttp://search.ebscohost.com/login.aspx?direct=true&scope=site&db=e011xww&AN=1132536
999 _c11358
_d11358